02112nam a22002417a 4500003000900000008004100009040007100050082002600121110004700147245007100194260003800265300004600303440003700349505123000386650002901616650002301645650001001668650002801678700003301706700002701739700003201766856007201798AR-CdUCM190425b ||||| |||| 00| 0 spa d aMUNICIPALIDAD PROVINCIAL DEL CUSCOcBIBLIOTECA MUNICIPAL DEL CUSCO aSaqsaywaman/N°9/2009 aInstituto Nacional de Cultura Region Cusco aRevista Saqsaywaman :cInstituto Nacional de Cultura Region Cusco. aArequipa.bINC,bArguedas,c2009. a259 páginas. :bilustraciones ;c21 cm. aRevista Saqsaywaman.nN°9, 2009 aContenido: Urpicancha un sitio arqueológico Inca en el Valle de Lucre. -- Ernesto García Calderón. -- Ocupación del periodo intermedio tardío (K’illke) de Qallaqasa (P’isaq). Arminda Gibaja Oviedo. -- Investigación arqueológica en Salonniyoq Templo de la Luna. Jorge Guillén. -- Investigación arqueológica sector Wayraqpunku Qowiqarana huaca Pachakuti. Ismael Uscachi Santos. -- Introducción al análisis arqueológico caso conjunto arqueológico de Salapunku MAPI. Francisco Huarcaya Quispe. -- Exploraciones arqueológicas en Choquecancha. Carmen Alicia Pilares Calero. -- Investigaciones arqueológicas en Lucerinas. Domingo Farfán Acuña. -- Investigación arqueológica de la zona de Mauk’allaqta. José Pilares Daza. -- Identificación, catastro y evaluación del Sistema Vial Prehispánica troncal al Chinchaysuyu Qaphaq Ñan Anta. Lorena Álvarez Saavedra. -- Rescate muro fino de la Plaza de Limacpampa. Patricia Benavente García. -- Tecnología Inka en metalurgia por Danilo Pallardel Moscoso. -- Continuidad de la tecnología Inka en la metalurgia del distrito de San Pablo Cusco. Joan B. Guillen Pantigozo. -- Cerámica colonial. Irwin Antonio Ferrándiz Castro. aArqueología cusqueña aHistoria del Cusco aInkas aMonumentos históricos aGarcía Calderón, Ernesto aGibaja Oviedo, Arminda aFerrándiz Castro, Antonio uhttp://bvirtual.culturacusco.gob.pe/items/show/111zLeer en digital